LEADER 00814nam0-2200289 --450 001 9910319060403321 005 20190507091747.0 010 $a978-88-370-9863-6 020 $aIT$b2015-596 100 $a20190507d2014----kmuy0itay5050 ba 101 0 $aita 102 $aIT 105 $a 001yy 200 1 $aVaticano$fintroduzione di Ross King$gtesti delle schede di Anja Grebe 210 $aMilano$cElecta$d2014 215 $aVIII, 525 p. di cui 3 ripiegate$cill.$d29 cm 300 $aIn custodia 610 0 $aArte$aCittà del Vaticano 676 $a709.45634$v23$zita 700 1$aGrebe,$bAnja$0764203 801 0$aIT$bUNINA$gREICAT$2UNIMARC 901 $aBK 912 $a9910319060403321 952 $aXXI Varie 558$b1674/17$fFSPBC 959 $aFSPBC 996 $aVaticano$91551357 997 $aUNINA LEADER 01021nam a2200265 a 4500 001 991004063719707536 008 081127s 000 0 eng d 020 $a9782874630484 035 $ab13794553-39ule_inst 040 $aDip.to Filologia Ling. e Lett.$bita 100 1 $aFairon, Cèdrick$0629513 245 13$aLe langage SMS :$bètude d'un corpus informatisè à partir de l'enquète Faites don de vos SMS àla science /$cCèdrik Fairon ... [et al.] 260 $aLouvain :$bUCL Universitaires ;$cc2006 300 $a123 p. ;$c24 cm 440 0$aCahiers du Cental ;$v3.1 500 $aInclude bibliografia 650 4$aLinguistica 700 1 $aKlein, Jean Renè 700 1 $aPaumier, Sèbastien 907 $a.b13794553$b09-03-22$c27-11-08 912 $a991004063719707536 945 $aLE008 FL.M. (Ling.) XX A 3$g1$i2008000344009$lle008$o-$pE0.00$q-$rl$s- $t0$u1$v1$w1$x0$y.i14890975$z27-11-08 996 $aLangage SMS$91224320 997 $aUNISALENTO 998 $ale008$b27-11-08$cm$da $e-$ffre$gfr $h0$i0